|
|
|
|
| LEADER |
00000nam0a2200000 4500 |
| 001 |
67308 |
| 005 |
20231031073437.0 |
| 010 |
|
|
|a 5980323201
|
| 035 |
|
|
|a (RuTPU)RU\TPU\book\71671
|
| 090 |
|
|
|a 67308
|
| 100 |
|
|
|a 20040914d2004 km y0rusy50 ca
|
| 101 |
0 |
|
|a rus
|
| 102 |
|
|
|a RU
|
| 105 |
|
|
|a y e 001zy
|
| 200 |
1 |
|
|a Краткий философский словарь
|f Под ред. А. П. Алексеева
|
| 205 |
|
|
|a 2-е изд., перераб. и доп.
|
| 210 |
|
|
|a Москва
|c Проспект
|d 2004
|
| 215 |
|
|
|a 492 с.
|
| 320 |
|
|
|a Указатель терминов и выражений: с. 485-492
|
| 610 |
1 |
|
|a философия
|
| 610 |
1 |
|
|a термины
|
| 610 |
1 |
|
|a лексика
|
| 610 |
1 |
|
|a словари
|
| 686 |
|
|
|a Ю0/3я2
|v LBC/SL-A
|2 rubbk
|
| 702 |
|
1 |
|a Алексеев
|b А. П.
|4 340
|
| 801 |
|
1 |
|a RU
|b 63413507
|c 20040914
|g PSBO
|
| 801 |
|
2 |
|a RU
|b 63413507
|c 20170904
|g PSBO
|
| 942 |
|
|
|c BK
|
| 959 |
|
|
|a 118/20040908
|d 2
|e 123,31
|f АНЛ:1
|f НФ:1
|